[Event "Campeonato de Aragón por Equipos 2008 "]
[Site "Aragón"]
[Date "2008.02.02"]
[Round "1.1"]
[White "Salamero Pelay Fernando"]
[Black "Mirzoev Azer"]
[Result "0-1"]
[WhiteElo "2154"]
[BlackElo "2518"]

1.e4 Nf6 2.Nc3 d5 3.e5 Ne4 4.Qf3 Nxc3 5.dxc3 Nc6 6.Qf4 e6 7.Be3 Bd7 8.Nf3 Qe7
9.a4 h6 10.b4 f6 11.h4 Qf7 12.Bb5 Be7 13.Rh3 f5 14.Nd4 Nxd4 15.Bxd4 a5 16.
Bxd7+ Kxd7 17.b5 g5 18.hxg5 hxg5 19.Qh2 Qg7 20.O-O-O g4 21.Rxh8 Rxh8 22.Qg3
Qh6+ 23.Kb2 Qh2 24.c4 Qxg3 25.fxg3 Rh2 26.Rd2 Bg5 27.Re2 dxc4 28.Kc3 b6 29.
Kxc4 Ke8 30.Kb3 Rh1 31.c4 Rd1 32.Kc3 Be7 33.c5 bxc5 34.Be3 Ra1 35.Kb3 c4+ 36.
Kxc4 Rxa4+ 37.Kc3 Re4 0-1

[Event "Campeonato de Aragón por Equipos 2008 "]
[Site "Aragón"]
[Date "2008.02.02"]
[Round "1.2"]
[White "Antoli Royo Joaquin Miguel"]
[Black "Gella Lopez Angel"]
[Result "1-0"]
[WhiteElo "2308"]
[BlackElo "2094"]

1.e4 c5 2.Nf3 e6 3.d4 cxd4 4.Nxd4 Nc6 5.Nc3 Qc7 6.Be2 a6 7.O-O Nf6 8.Kh1 Nxd4
9.Qxd4 Bc5 10.Qd3 b5 11.f4 Bb7 12.Bf3 h5 13.e5 Ng4 14.Bxb7 Qxb7 15.Ne4 Be7 16.
Bd2 Nh6 17.Rae1 Nf5 18.a3 h4 19.Bb4 Qc6 20.Bxe7 Kxe7 21.Rd1 Rac8 22.Rd2 Rh5
23.Rfd1 Rc7 24.b4 Kf8 25.Qf3 Rh6 26.Nc5 Qxf3 27.gxf3 Ne3 28.Rxd7 Nxd1 29.Rxc7
Rg6 30.Ne4 f6 31.Rc6 fxe5 32.f5 Rh6 33.fxe6 Ne3 34.Nc5 h3 35.Rxa6 Rh4 36.Ra8+
Ke7 37.Ra7+ Ke8 38.Ne4 Nc4 39.Rxg7 Rf4 40.Rg3 Nxa3 41.Rxh3 Nxc2 42.Rh7 Rxf3
43.Nd6+ Kd8 44.Rd7# 1-0

[Event "Campeonato de Aragón por Equipos 2008 "]
[Site "Aragón"]
[Date "2008.02.02"]
[Round "1.3"]
[White "Laplaza Ara Carlos"]
[Black "Cortes Lizano Jesus"]
[Result "1/2-1/2"]
[WhiteElo "2008"]
[BlackElo "2247"]

1.d4 d5 2.Nf3 c6 3.Bf4 Nf6 4.c3 Nh5 5.Bg3 Nd7 6.e3 Nxg3 7.hxg3 g6 8.Bd3 Bg7 9.
Nbd2 O-O 10.Qc2 Re8 11.O-O-O a5 12.e4 dxe4 13.Nxe4 Nf8 14.Rhe1 Bg4 15.Be2 Qc7
16.Nfd2 Bf5 17.Bd3 b5 18.Nc5 Bg4 19.Be2 Bc8 20.Nf3 b4 21.Qa4 bxc3 22.bxc3 Nd7
23.Qc4 Nxc5 24.Qxc5 Rb8 25.Bd3 Qb7 26.Qa3 Bg4 27.Kc2 Qc7 28.Rb1 Bxf3 29.gxf3
e5 30.dxe5 Bxe5 31.Rxb8 Rxb8 32.Rb1 Rd8 33.Qc5 Bd6 34.Qc4 Qa7 35.Qd4 Qe7 36.
Qe4 Qc7 37.Qc4 Qa7 38.Qd4 Qc7 39.Qc4 1/2-1/2

[Event "Campeonato de Aragón por Equipos 2008 "]
[Site "Aragón"]
[Date "2008.02.02"]
[Round "1.4"]
[White "Maza Broto Pablo"]
[Black "Gella Bitrian Diego"]
[Result "1-0"]
[WhiteElo "1923"]
[BlackElo "1844"]

1.e4 c5 2.Nf3 d6 3.Bd3 Nc6 4.O-O Nf6 5.c3 e5 6.h3 Be7 7.Re1 O-O 8.Bc2 Qb6 9.d3
Be6 10.Nbd2 Qc7 11.Ng5 Rad8 12.Nxe6 fxe6 13.Bb3 d5 14.Qe2 Bd6 15.exd5 exd5 16.
Ne4 Be7 17.Ng5 Qd6 18.f4 Nd7 19.Qe4 Nf6 20.Qf5 Qd7 21.Qe6+ Kh8 22.fxe5 Ng8 23.
Nf7+ Rxf7 24.Qxf7 c4 25.e6 Qc7 26.dxc4 dxc4 27.Qf4 Qxf4 28.Bxf4 cxb3 29.axb3
Nf6 30.Rad1 Kg8 31.Bg5 Rxd1 32.Rxd1 Nd8 33.Re1 Kf8 34.b4 h6 35.Be3 a6 36.Bc5
Bxc5+ 37.bxc5 Ke7 38.Kf2 Nxe6 39.b4 Nd5 40.Rc1 Ng5 41.Ke2 Kd7 42.Kd3 Nf4+ 43.
Kc4 Nxg2 44.b5 Ne3+ 45.Kd4 Nf5+ 46.Ke5 Ne7 47.c6+ bxc6 48.bxa6 Nf7+ 49.Kd4 Nc8
50.Rb1 Nfd6 51.Kc5 Kc7 52.Re1 Nb5 53.c4 Nbd6 54.Re6 1-0

[Event "Campeonato de Aragón por Equipos 2008 "]
[Site "Aragón"]
[Date "2008.02.02"]
[Round "1.5"]
[White "Adla Diego Gustavo"]
[Black "Martinez Catalin Francisco Javier"]
[Result "1/2-1/2"]
[WhiteElo "2491"]
[BlackElo "2247"]

1.e4 d6 2.d4 Nf6 3.Nc3 g6 4.Bg5 Bg7 5.f3 Nc6 6.Qd2 O-O 7.O-O-O a6 8.Bh6 e5 9.
Bxg7 Kxg7 10.Nge2 b5 11.h4 h5 12.Qe3 Qe7 13.Nd5 Nxd5 14.exd5 exd4 15.Qd2 Ne5
16.Qxd4 Qf6 17.Ng3 Nd7 18.a4 1/2-1/2

[Event "Campeonato de Aragón por Equipos 2008 "]
[Site "Aragón"]
[Date "2008.02.02"]
[Round "1.6"]
[White "Pellicer Cemeli Jose Luis"]
[Black "Glavina Rossi Pablo"]
[Result "0-1"]
[WhiteElo "2073"]
[BlackElo "2459"]

1.e4 e5 2.Nf3 Nc6 3.Bb5 a6 4.Bxc6 dxc6 5.O-O Bd6 6.d4 exd4 7.Qxd4 f6 8.c4 c5
9.Qe3 Ne7 10.Nc3 O-O 11.b3 Qe8 12.Bb2 Qh5 13.Ne2 Nc6 14.Ng3 Qg4 15.Rfe1 Re8
16.h3 Qf4 17.Qxf4 Bxf4 18.Ne2 Bd6 19.Rad1 Rxe4 20.Nc3 Rxe1+ 21.Rxe1 Bd7 22.Kf1
Kf7 23.Nd5 Be6 24.Nc3 Rd8 25.Ne4 Be7 26.Ba3 b6 27.Bc1 Nb4 28.Bd2 Nc2 29.Rd1
Nd4 30.Ne1 h6 31.Bf4 Rd7 32.Nd3 a5 33.Nb2 f5 34.Nc3 Bf6 35.Nba4 g5 36.Be3 f4
37.Bd2 Bf5 38.Nd5 Bc2 39.Re1 Bg7 40.f3 Nxb3 41.axb3 Bxb3 0-1

[Event "Campeonato de Aragón por Equipos 2008 "]
[Site "Aragón"]
[Date "2008.02.02"]
[Round "1.7"]
[White "Moreno Gracia Daniel"]
[Black "Felez Casedas Carlos"]
[Result "1-0"]
[WhiteElo "2188"]
[BlackElo "1983"]

1.c4 e5 2.Nc3 Nc6 3.g3 g6 4.Bg2 Bg7 5.Nf3 Nf6 6.d3 O-O 7.O-O d6 8.Rb1 Nd4 9.
Bg5 h6 10.Bxf6 Nxf3+ 11.Bxf3 Qxf6 12.b4 Qd8 13.b5 f5 14.Qc2 g5 15.c5 Rb8 16.
cxd6 cxd6 17.Qa4 Be6 18.Rbc1 b6 19.Nd5 Rf7 20.Rc6 e4 21.dxe4 Bxd5 22.exd5 g4
23.Bg2 Qf8 24.e3 Be5 25.Rfc1 Qg7 26.Bf1 Rbf8 27.R1c4 h5 28.Qc2 h4 29.Rc7 hxg3
30.hxg3 Qg5 31.Rxf7 Rxf7 32.Rc7 Rxc7 33.Qxc7 Bxg3 34.Qc8+ Kg7 35.Qd7+ Kf8 36.
Bd3 Bxf2+ 37.Kxf2 Qh4+ 38.Ke2 Qh2+ 39.Kd1 Qg1+ 40.Kc2 Qf2+ 41.Kb3 g3 42.Qxd6+
Kg7 43.Qe5+ Kg6 44.Qe6+ Kg5 45.d6 g2 46.d7 g1=Q 47.d8=Q+ Kg4 48.Qdg8+ Kf3 49.
Qxg1 Qxg1 50.Qxf5+ 1-0

[Event "Campeonato de Aragón por Equipos 2008 "]
[Site "Aragón"]
[Date "2008.02.02"]
[Round "1.8"]
[White "Puertolas Serena Arturo"]
[Black "Pes Mateo Angel"]
[Result "1/2-1/2"]
[WhiteElo "1916"]
[BlackElo "2004"]

1.e4 c5 2.Nf3 d6 3.Bb5+ Nd7 4.O-O a6 5.Bxd7+ Bxd7 6.c3 e5 7.d4 Qc7 8.h3 Nf6 9.
Re1 Be7 10.Bg5 O-O 11.Nbd2 Rfe8 12.dxe5 dxe5 13.Nc4 Bf8 14.Bxf6 gxf6 15.Ne3
Bc6 16.Nf5 Rad8 17.Qe2 Rd7 18.Rad1 Red8 19.Rxd7 Qxd7 20.N3h4 Qd2 21.Qg4+ Qg5
22.Nf3 Qxg4 23.hxg4 h6 24.Ng3 Rd3 25.Re2 c4 26.Rd2 Rxd2 27.Nxd2 1/2-1/2

[Event "Campeonato de Aragón por Equipos 2008 "]
[Site "Aragón"]
[Date "2008.02.02"]
[Round "1.9"]
[White "Campos Hernandez Antonio"]
[Black "Baron Rodriguez Jesus"]
[Result "0-1"]
[WhiteElo "2228"]
[BlackElo "2421"]

1.c4 e6 2.Nc3 d5 3.d4 c6 4.Bf4 Nf6 5.e3 Nbd7 6.Nf3 Be7 7.Qc2 Nh5 8.Be5 f5 9.
cxd5 Nxe5 10.Nxe5 exd5 11.Bd3 g6 12.g4 Ng7 13.O-O-O Be6 14.h4 fxg4 15.f3 g3
16.h5 gxh5 17.Bxh7 Bf6 18.Bg6+ Ke7 19.f4 Qc8 20.Ne4 b6 21.Nxf6 Kxf6 22.e4 dxe4
23.Bxe4 Nf5 24.Qc3 Bd5 25.Rhe1 h4 26.Qb4 g2 27.Bxf5 Kxf5 28.Qe7 Qd8 29.Qg7 Qg8
30.Qd7+ Qe6 31.Qg7 Rag8 0-1

[Event "Campeonato de Aragón por Equipos 2008 "]
[Site "Aragón"]
[Date "2008.02.02"]
[Round "1.10"]
[White "Hefty Hilardo Jorge Walter"]
[Black "Juberias Santiago"]
[Result "1-0"]
[WhiteElo "2340"]
[BlackElo "2145"]

1.d4 Nf6 2.c4 g6 3.Nc3 Bg7 4.e4 d6 5.Be2 O-O 6.Nf3 Nbd7 7.e5 Ne8 8.O-O c6 9.
Bf4 Qa5 10.exd6 Nxd6 11.Re1 Nf6 12.Bf1 Be6 13.h3 Qf5 14.Bh2 Rad8 15.Re5 1-0

[Event "Campeonato de Aragón por Equipos 2008 "]
[Site "Aragón"]
[Date "2008.02.02"]
[Round "1.11"]
[White "Garcia Andres Daniel"]
[Black "Forcen Esteban Daniel"]
[Result "1-0"]
[WhiteElo "2017"]
[BlackElo "2138"]

1.e4 c5 2.f4 d5 3.exd5 Qxd5 4.Nc3 Qd8 5.Nf3 Nc6 6.Bb5 Bd7 7.Ne5 Nxe5 8.fxe5
Bxb5 9.Nxb5 a6 10.Nc3 Qd4 11.Qe2 e6 12.Qe4 Qxe4+ 13.Nxe4 Nh6 14.d3 Nf5 15.O-O
Be7 16.Bg5 Bxg5 17.Nxg5 O-O 18.Rf2 Rad8 19.Raf1 h6 20.Nf3 Rd5 21.Re1 b5 22.g4
Ne7 23.g5 hxg5 24.Nxg5 Nf5 25.Nh3 Rc8 26.Nf4 Rd7 27.c3 b4 28.Rc2 bxc3 29.Rxc3
Rd4 30.Re4 Rxe4 31.dxe4 Nd4 32.Kf2 Rc6 33.Ke3 Nb5 34.Rc4 Kh7 35.Nd3 Rc8 36.
Rxc5 Rf8 37.a4 Na7 38.Rc7 Nc8 39.a5 g5 40.Nc5 Kg6 41.Nxa6 g4 42.Rc2 Kg5 43.Nc5
Na7 44.Rf2 Rh8 45.Rxf7 Rh3+ 46.Kf2 Rxh2+ 47.Kg1 Rc2 48.Nxe6+ Kh4 49.Rf2 Rc1+
50.Kg2 Nc6 51.a6 Ra1 52.Rf1 Rxf1 53.Kxf1 Kg3 54.b4 Na7 55.Nd4 Kh2 56.e6 Nc6
57.Nf5 Ne7 58.Ne3 1-0

[Event "Campeonato de Aragón por Equipos 2008 "]
[Site "Aragón"]
[Date "2008.02.02"]
[Round "1.12"]
[White "Lafarga Bueno Daniel"]
[Black "Antolin Concha Diego"]
[Result "1/2-1/2"]
[WhiteElo "2055"]
[BlackElo "1816"]

1.e4 e5 2.Nf3 Nc6 3.Bb5 a6 4.Bxc6 dxc6 5.O-O Bg4 6.h3 h5 7.Re1 Qf6 8.d3 Bxf3
9.Qxf3 Qxf3 10.gxf3 Bc5 11.Be3 Bb6 12.Nd2 Nf6 13.h4 O-O-O 14.Bxb6 cxb6 15.Nc4
Rhe8 16.Nxb6+ Kc7 17.Nc4 Nh7 18.Kf1 Nf8 19.Rad1 Ng6 20.Ne3 Nxh4 21.Ke2 g5 22.
Rh1 Ng6 23.Rdg1 f6 24.Nf5 Nf4+ 25.Ke3 Rh8 26.Rh2 Rd7 27.Rgh1 h4 28.Rg1 Rdh7
29.Rhh1 Rd7 30.Rh2 Rdh7 31.Rhh1 Rd7 1/2-1/2

[Event "Campeonato de Aragón por Equipos 2008 "]
[Site "Aragón"]
[Date "2008.02.02"]
[Round "1.13"]
[White "Llorente Zaro Alfonso"]
[Black "Navarro Alonso Jorge Luis"]
[Result "1-0"]
[WhiteElo "2392"]
[BlackElo "2136"]

1.c4 e6 2.d4 d5 3.Nc3 Nf6 4.Bg5 c6 5.e3 Nbd7 6.cxd5 exd5 7.Bd3 Be7 8.Qc2 O-O
9.Nf3 Re8 10.h3 b6 11.O-O-O Bb7 12.Ne5 h6 13.Bf4 c5 14.Nxd7 Qxd7 15.dxc5 bxc5
16.Bb5 Bc6 17.Qa4 Rac8 18.Rd2 Bxb5 19.Qxb5 Qe6 20.Qb3 Red8 21.Rhd1 c4 22.Qb7
Rc6 23.e4 Rb6 24.Qxa7 Bb4 25.exd5 Rxd5 26.Nxd5 Bxd2+ 27.Rxd2 Nxd5 28.Qa8+ 1-0

[Event "Campeonato de Aragón por Equipos 2008 "]
[Site "Aragón"]
[Date "2008.02.02"]
[Round "1.14"]
[White "Jaques Burguete Raul"]
[Black "Remiro Juste Fernando Jose"]
[Result "0-1"]
[WhiteElo "2127"]
[BlackElo "2335"]

1.e4 g6 2.d4 Bg7 3.f4 c5 4.d5 d6 5.Nf3 Nf6 6.Nbd2 O-O 7.Bd3 e6 8.c4 Na6 9.a3
Nc7 10.O-O exd5 11.cxd5 b5 12.a4 c4 13.Bc2 Ng4 14.Qe2 Nxd5 15.Nxc4 bxc4 16.
exd5 Re8 17.Qd2 Ba6 18.h3 Qb6+ 19.Kh1 c3 20.a5 Qc5 21.bxc3 Bxf1 22.Ba3 Qxa5
23.Bb2 Qxa1 24.Bxa1 Re2 25.hxg4 Bxg2+ 26.Kg1 Rxd2 27.Nxd2 Bxd5 28.c4 Bxa1 29.
cxd5 Re8 30.Ne4 Rc8 31.Bd3 Bd4+ 32.Kf1 Bc5 33.Bb5 Rb8 34.Bc6 Rb4 35.Nxc5 Rxf4+
36.Ke2 dxc5 0-1

[Event "Campeonato de Aragón por Equipos 2008 "]
[Site "Aragón"]
[Date "2008.02.02"]
[Round "1.15"]
[White "Ramon Perez Jose Luis"]
[Black "Garcia Fernandez Javier"]
[Result "1-0"]
[WhiteElo "2327"]
[BlackElo "2110"]

1.e4 c5 2.Nc3 d6 3.d4 cxd4 4.Qxd4 Bd7 5.Bc4 Nc6 6.Qe3 g6 7.h4 Bg7 8.h5 Nd4 9.
Bd3 Rc8 10.Nge2 e5 11.Qg3 Be6 12.O-O Nxe2+ 13.Bxe2 Nf6 14.h6 Bf8 15.Bg5 Be7
16.Qh4 Nd7 17.Bxe7 Qxe7 18.Qg3 O-O 19.Rad1 Rfd8 20.Rd2 a6 21.Rfd1 Rc6 22.f4 f6
23.f5 Bf7 24.Nd5 Qf8 25.fxg6 hxg6 26.Bg4 Bxd5 27.exd5 Rc4 28.Bxd7 Rxd7 29.
Qxg6+ Kh8 30.Rf1 Rh4 31.Rxf6 Qc8 32.Rdf2 1-0

[Event "Campeonato de Aragón por Equipos 2008 "]
[Site "Aragón"]
[Date "2008.02.02"]
[Round "1.16"]
[White "Ainsa Ignacio"]
[Black "Lana Rodriguez David"]
[Result "0-1"]
[WhiteElo "1935"]
[BlackElo "2177"]

1.f4 d6 2.Nf3 Bg4 3.e3 e5 4.fxe5 dxe5 5.Be2 Bd6 6.Nc3 Nf6 7.e4 Nc6 8.d3 Bc5 9.
Bg5 Bxf3 10.Bxf3 Nd4 11.Nd5 c6 12.Nxf6+ gxf6 13.Bh4 Rg8 14.c3 Ne6 15.Qd2 Qb6
16.Bxf6 Be3 17.Qc2 Qc5 18.Rf1 Qd6 19.Bh4 Nf4 20.Rd1 Qh6 21.Bg3 O-O-O 22.Bxf4
exf4 23.h3 Qh4+ 24.Ke2 Rg3 25.d4 Rdg8 26.Kd3 Qg5 27.Qa4 Kb8 28.b4 f5 29.Qa5
fxe4+ 30.Bxe4 Bxd4+ 31.Kxd4 Rd8+ 32.Kc4 Qg8+ 33.Bd5 Rxd5 34.Rxd5 cxd5+ 35.Kb3
d4+ 36.Kc2 Rxg2+ 37.Kd3 Qg3+ 38.Kxd4 Rd2+ 39.Ke5 Qxc3+ 40.Kxf4 Qc4+ 41.Kg3
Qxf1 42.Qe5+ Kc8 0-1

[Event "Campeonato de Aragón por Equipos 2008 "]
[Site "Aragón"]
[Date "2008.02.02"]
[Round "1.17"]
[White "Villuendas Valero Adrian"]
[Black "Del Rey Diego"]
[Result "0-1"]
[WhiteElo "2239"]
[BlackElo "2382"]

1.d4 d6 2.c4 e5 3.Nf3 e4 4.Ng5 f5 5.Nc3 Be7 6.Nh3 Nf6 7.g3 c5 8.d5 Nfd7 9.Bg2
Ne5 10.O-O O-O 11.b3 Bf6 12.Qd2 Na6 13.Bb2 Re8 14.Nd1 Nc7 15.a4 a6 16.f3 exf3
17.exf3 Rb8 18.a5 b5 19.axb6 Rxb6 20.Ra3 Bd7 21.Nhf2 Ng6 22.Nd3 Bxb2 23.Qxb2
f4 24.N1f2 Bf5 25.Ne4 Bxe4 26.fxe4 fxg3 27.hxg3 Qg5 28.Kh2 Rbb8 29.Qe2 Ne5 30.
Rf5 Ng4+ 31.Kg1 Qxf5 0-1

[Event "Campeonato de Aragón por Equipos 2008 "]
[Site "Aragón"]
[Date "2008.02.02"]
[Round "1.18"]
[White "Chueca Forcen Alberto"]
[Black "Gimenez Martinez Alberto"]
[Result "1-0"]
[WhiteElo "2283"]
[BlackElo "2097"]

1.d4 e6 2.c4 Nf6 3.Nc3 c5 4.d5 exd5 5.cxd5 d6 6.e4 g6 7.h3 Bg7 8.Nf3 O-O 9.Bd3
b5 10.Bxb5 Nxe4 11.Nxe4 Qa5+ 12.Nfd2 Qxb5 13.Nxd6 Qa6 14.N2c4 Rd8 15.Bf4 Nd7
16.O-O Nb6 17.Nxb6 Qxb6 18.Nxc8 Raxc8 19.Rb1 Qb4 20.Bg5 Rd7 21.Qd3 Qd4 22.Qa6
Rb8 23.Rfd1 Qe5 24.Bh4 Rxd5 25.Bg3 Qxb2 26.Bxb8 Rxd1+ 27.Rxd1 Qxb8 28.Qd6 Qf8
29.Qc7 Bd4 30.Qxa7 Qd6 31.Qa8+ Kg7 32.Qf3 Qe6 33.a4 Qa2 34.Re1 Qxa4 35.g3 Qa2
36.Kg2 Bf6 37.Re8 Bd4 38.Ra8 Qe6 39.Rd8 Qf6 40.Rc8 Qxf3+ 41.Kxf3 Kf6 42.Ke2
Ke6 43.g4 h6 44.f3 Ke5 45.Rc7 Kf6 46.Kd3 h5 47.gxh5 gxh5 48.Ke4 Kg6 49.Rb7 f6
50.f4 Bf2 51.Rc7 Bd4 52.Rc8 Bf2 53.Rg8+ Kf7 54.Rg2 Bd4 55.Kf5 Ke7 56.Kg6 h4
57.Kf5 Kf7 58.Re2 Bc3 59.Kg4 Kg6 60.f5+ Kh6 61.Kxh4 Be5 62.Rc2 Bd4 63.Kg4 Be3
64.Ra2 Bd4 65.Ra6 Be5 66.Rc6 Bd4 67.h4 Kg7 68.Kh5 Kf7 69.Rc7+ Ke8 70.Kg6 Kd8
71.h5 Kxc7 72.h6 c4 73.h7 Kc6 74.h8=Q Kc5 75.Qf8+ Kd5 76.Qa8+ Kc5 77.Qa5+ 1-0

[Event "Campeonato de Aragón por Equipos 2008 "]
[Site "Aragón"]
[Date "2008.02.02"]
[Round "1.19"]
[White "Cebollada Pacheco Jesus Raul"]
[Black "Sanz Arilla Luis"]
[Result "1-0"]
[WhiteElo "2002"]
[BlackElo "2262"]

1.e4 d6 2.d4 Nf6 3.Nc3 Nbd7 4.Nf3 e5 5.Bc4 Be7 6.O-O O-O 7.a4 a5 8.Re1 c6 9.h3
exd4 10.Qxd4 Qb6 11.Be3 Nc5 12.e5 Nfd7 13.exd6 Bf6 14.Qd2 Qxb2 15.Bd4 Qb4 16.
Bxf6 Nxf6 17.Ne5 Ncd7 18.Bxf7+ Kh8 19.Nxd7 Bxd7 20.Rab1 Qc5 21.Bb3 Rad8 22.
Rbd1 b5 23.Qd4 Qg5 24.Qe5 Qg6 25.Re3 Nh5 26.Qe4 Qf6 27.Rf3 Nf4 28.Qd4 Qh6 29.
Re1 Bxh3 30.Rxh3 Nxh3+ 31.gxh3 Rxd6 32.Qe3 Rg6+ 33.Kf1 Qh4 34.Ke2 bxa4 35.Nxa4
Rgf6 36.Kd1 Rxf2 37.Kc1 Qf6 38.Qe5 Qh6+ 39.Kb2 Qxh3 40.Re3 Qf5 41.Nc5 Qxe5+
42.Rxe5 R2f5 43.Nd7 Rxe5 44.Nxe5 g6 45.Nxc6 Rf5 46.Nd4 Rc5 47.Ne6 Rc8 48.Bd5
h6 49.c4 g5 50.c5 g4 51.c6 g3 52.c7 h5 53.Bb7 Rxc7 54.Nxc7 h4 55.Bg2 Kh7 56.
Ne6 Kg6 57.Nf4+ Kf5 58.Nh3 Ke5 59.Ka3 Kd4 60.Ka4 Ke3 61.Kxa5 Kd4 62.Kb4 Ke3
63.Kc3 Ke2 64.Kd4 Kd2 65.Ke4 Kc3 66.Kf4 Kd4 67.Kg5 Ke3 68.Kxh4 Kd4 69.Kxg3 Ke3
70.Kg4 Kd4 71.Kf4 Kd3 72.Ng5 Kd4 73.Be4 Kc4 74.Ne6 Kc3 75.Ke3 Kc4 76.Nf4 Kc5
77.Bd3 Kc6 78.Kd4 Kd6 79.Be4 Kd7 80.Ke5 Kc7 81.Ne6+ Kb6 82.Kd4 Kb5 83.Kc3 Ka5
84.Bc6 Kb6 85.Bd7 Ka5 86.Kc4 Kb6 87.Kb4 Ka6 88.Ka4 Kb6 89.Bb5 Ka7 90.Ka5 Kb7
91.Bd7 Ka7 92.Bc6 Kb8 93.Kb6 Kc8 94.Be8 Kb8 95.Bd7 Ka8 96.Nc7+ 1-0

[Event "Campeonato de Aragón por Equipos 2008 "]
[Site "Aragón"]
[Date "2008.02.02"]
[Round "1.20"]
[White "Hernando Garcia Antonio"]
[Black "Calvo Mayayo Jose Maria"]
[Result "1-0"]
[WhiteElo "2212"]
[BlackElo "1945"]

1.Nf3 Nf6 2.c4 c5 3.Nc3 Nc6 4.g3 g6 5.Bg2 Bg7 6.O-O O-O 7.a3 a6 8.Rb1 Rb8 9.b4
cxb4 10.axb4 b5 11.cxb5 axb5 12.d4 d5 13.Ne5 Na7 14.Ra1 Qb6 15.Bg5 e6 16.e3
Nc6 17.Bxf6 Bxf6 18.Nd3 Rd8 19.Qb3 Bb7 20.Ra3 Ra8 21.Rfa1 Be7 22.Rxa8 Rxa8 23.
Rxa8+ Bxa8 24.Bf1 Na7 25.Nc5 Bc6 26.Be2 Nc8 27.Bf3 Nd6 28.Qa2 Kg7 29.Nb1 Nc4
30.Nd2 Nxd2 31.Qxd2 Qa7 32.Qc3 Qa8 33.Nd3 Bd6 34.Ne5 Be8 35.h4 h5 36.Be2 Qb7
37.Nd3 Qa8 38.Nc5 Qa7 39.Bd3 {Tiempo.} 1-0

[Event "Campeonato de Aragón por Equipos 2008 "]
[Site "Aragón"]
[Date "2008.02.02"]
[Round "1.21"]
[White "Garza Marco Sergio"]
[Black "Cantin Zaborras Valentin"]
[Result "1-0"]
[WhiteElo "2373"]
[BlackElo "2141"]

1.d4 d5 2.c4 c6 3.Nc3 e5 4.dxe5 d4 5.Ne4 Qa5+ 6.Bd2 Qxe5 7.Ng3 Nf6 8.Nf3 Qd6
9.Qc2 Be7 10.e3 dxe3 11.fxe3 O-O 12.O-O-O Qc7 13.Bd3 Na6 14.Rdf1 Nc5 15.Bf5
Bxf5 16.Nxf5 Nce4 17.Be1 Rfe8 18.g4 Bf8 19.Rhg1 Rad8 20.g5 Nh5 21.Rg4 Qd7 22.
N3d4 Nd6 23.Rh4 Nxf5 24.Nxf5 g6 25.Bc3 Qe6 26.Rf3 Rd7 27.Rxh5 gxh5 28.Nh6+
Bxh6 29.gxh6 f6 30.Qg2+ Kf8 31.Rxf6+ Qxf6 32.Bxf6 1-0

[Event "Campeonato de Aragón por Equipos 2008 "]
[Site "Aragón"]
[Date "2008.02.02"]
[Round "1.21"]
[White "Valiente Roy Jose Javier"]
[Black "Lamas Mercadal Manuel"]
[Result "0-1"]
[WhiteElo "2109"]
[BlackElo "2246"]

1.d4 Nf6 2.Nf3 e6 3.e3 b6 4.Bd3 Bb7 5.O-O c5 6.c3 cxd4 7.exd4 Nc6 8.Bg5 Be7 9.
Nbd2 O-O 10.Re1 Nd5 11.Bxe7 Ncxe7 12.Ne4 Qc7 13.Rc1 f5 14.Ng3 Ng6 15.Bb1 Ndf4
16.Re3 Nxg2 17.Kxg2 f4 18.Be4 fxe3 19.fxe3 Bxe4 20.Nxe4 Rxf3 21.Kxf3 Qxh2 22.
Nd2 d5 0-1

[Event "Campeonato de Aragón por Equipos 2008 "]
[Site "Aragón"]
[Date "2008.02.02"]
[Round "1.23"]
[White "Llanes Luno Ricardo"]
[Black "Martin Barbero Roberto"]
[Result "0-1"]
[WhiteElo "2233"]
[BlackElo "1963"]

1.e4 c5 2.Nf3 g6 3.Be2 Bg7 4.O-O Nc6 5.c3 Nf6 6.Qc2 O-O 7.d3 d5 8.Re1 h6 9.
Nbd2 Be6 10.a4 Rc8 11.exd5 Bxd5 12.Nc4 b6 13.h3 Qc7 14.Ne3 Be6 15.Bf1 Rfd8 16.
Bd2 Na5 17.Nc4 Nxc4 18.dxc4 Bf5 19.Qc1 g5 20.h4 Ne4 21.Be3 f6 22.Nd2 Nxd2 23.
Bxd2 Rd7 24.Be3 Rcd8 25.a5 Kh7 26.axb6 axb6 27.h5 e5 28.b4 Bf8 29.Ra6 Be7 30.
f3 Kg7 31.b5 Rd6 32.Bf2 R8d7 33.Ra8 Bd8 34.Be2 Rd2 35.Bd1 Qd6 36.Bb3 Bc7 37.
Be3 Rd3 38.Bc2 Rxc3 39.Bxf5 Rxc1 40.Rxc1 Re7 41.Be4 f5 42.Bxf5 e4 43.fxe4 Qh2+
44.Kf1 Bf4 45.Re1 Qh1+ 46.Bg1 Be5 47.Rd8 Ra7 48.Rd2 Bd4 49.Rxd4 cxd4 50.Bh3
Ra2 51.e5 g4 0-1

[Event "Campeonato de Aragón por Equipos 2008 "]
[Site "Aragón"]
[Date "2008.02.02"]
[Round "1.24"]
[White "Navarro Castan Jesus"]
[Black "Roche Simon Miguel Angel"]
[Result "1/2-1/2"]
[WhiteElo "1888"]
[BlackElo "2087"]

1.e4 c5 2.Nf3 e6 3.d4 cxd4 4.Nxd4 a6 5.Nc3 Qc7 6.Be2 Nc6 7.Be3 b5 8.O-O Bb7 9.
Nb3 d6 10.f4 Nf6 11.a3 Be7 12.Bf3 O-O 13.Qe1 b4 14.axb4 Nxb4 15.Qf2 d5 16.Bb6
Qb8 17.e5 Nd7 18.Be3 Qc7 19.Kh1 Rac8 20.Rac1 Nc5 21.Nd4 g6 22.Rfe1 Kh8 23.Qg3
Rg8 24.Qh3 Nc6 25.Nxc6 Bxc6 26.Bd4 Qb7 27.g4 Nd7 28.f5 Bc5 29.Ne2 Bxd4 30.Nxd4
Nc5 31.fxe6 fxe6 32.g5 Rce8 33.Rf1 Qxb2 34.Nxc6 Rgf8 35.Qg4 Qc3 36.Bg2 Rf5 37.
Qd4 Rxf1+ 38.Rxf1 Qxc2 39.Qf4 Qf5 40.Nd4 Qxf4 41.Rxf4 Nd3 42.Rf6 Nc5 43.Bh3 a5
44.Bxe6 Nxe6 45.Nxe6 a4 46.Nc7 Rxe5 47.h4 Re4 48.Kg2 a3 49.Ra6 Rxh4 50.Kg3 Rd4
51.Rxa3 Rd1 52.Kf3 Kg8 53.Ne8 Kf7 54.Nf6 h5 55.Ke3 Ke6 56.Rd3 Re1+ 57.Kf2 Re5
58.Re3 d4 59.Re4 Kf5 60.Kf3 Ra5 61.Rxd4 Ra3+ 62.Kg2 Kxg5 63.Ne4+ Kf5 64.Ng3+
Ke5 65.Re4+ Kf6 66.Rb4 Kg5 67.Rb5+ Kh6 68.Rb6 h4 69.Nf5+ Kg5 70.Ne7 Rg3+ 71.
Kh2 Kh5 72.Nxg6 Rxg6 73.Rxg6 Kxg6 74.Kh3 Kg5 1/2-1/2

[Event "Campeonato de Aragón por Equipos 2008 "]
[Site "Aragón"]
[Date "2008.02.02"]
[Round "1.25"]
[White "Malo Guillen Jose Luis"]
[Black "Colas Longares Rafael P"]
[Result "0-1"]
[WhiteElo "2198"]
[BlackElo "2328"]

1.d4 Nf6 2.c4 g6 3.Nc3 Bg7 4.e4 d6 5.f3 O-O 6.Be3 Nc6 7.Nge2 a6 8.Qd2 Rb8 9.
Nc1 e5 10.d5 Nd4 11.Nb3 Nxb3 12.axb3 c5 13.b4 cxb4 14.Na4 b5 15.cxb5 axb5 16.
Qxb4 Ne8 17.Nc3 Bh6 18.Bf2 Qg5 19.Nd1 f5 20.exf5 gxf5 21.Be2 Kh8 22.g3 Bb7 23.
h4 Qd8 24.Nc3 Nc7 25.O-O Rg8 26.Kh2 Qf6 27.Rfd1 Rg7 28.Ra7 Rbg8 29.Rxb7 Bf4
30.Qxf4 exf4 31.Bd4 fxg3+ 32.Kg2 Qxh4 33.Bxg7+ Rxg7 34.Rb8+ Rg8 35.Rxg8+ Kxg8
36.Rh1 Qe7 0-1

[Event "Campeonato de Aragón por Equipos 2008 "]
[Site "Aragón"]
[Date "2008.02.02"]
[Round "1.26"]
[White "Garcia Vicente Nieves"]
[Black "Alonso Blasco Jose Miguel"]
[Result "1/2-1/2"]
[WhiteElo "2219"]
[BlackElo "2075"]

1.d4 Nf6 2.c4 e6 3.Nc3 Bb4 4.e3 O-O 5.Bd3 d5 6.Nf3 c5 7.O-O Nc6 8.a3 Bxc3 9.
bxc3 dxc4 10.Bxc4 Qc7 11.Ba2 e5 12.h3 e4 13.Nh2 Bf5 14.Ng4 Bxg4 15.hxg4 h6 16.
Rb1 Rad8 17.f4 exf3 18.Qxf3 b6 19.Bb3 Rfe8 20.Bd2 Re4 21.Qh3 Qc8 22.Bc2 cxd4
23.Rxf6 d3 24.Bd1 gxf6 25.Qxh6 Rd6 26.g5 Qf8 27.Qh5 fxg5 28.Qxg5+ Qg7 29.Qf5
Qg6 30.Qc8+ Rd8 31.Qh3 Ne5 32.Bh5 Qg5 33.Rf1 Rh4 34.Rf5 Qe7 35.Qg3+ Ng6 36.
Bxg6 fxg6 37.Qxg6+ Qg7 38.Qe6+ Kh8 39.e4 Rf8 40.Bg5 Rxf5 41.Qxf5 Rh5 42.Qc8+
Qg8 43.Bf6+ Kh7 44.Qd7+ Kh6 45.Qxd3 Qg6 46.Qd2+ Kh7 47.Qd7+ Kh6 48.Qd2+ Kh7
49.Qd7+ 1/2-1/2

[Event "Campeonato de Aragón por Equipos 2008 "]
[Site "Aragón"]
[Date "2008.02.02"]
[Round "1.28"]
[White "Cabrera Moreno Daniel"]
[Black "Artal Alegria Francisco Javier"]
[Result "1/2-1/2"]
[WhiteElo "2184"]
[BlackElo "1943"]

1.e4 e6 2.d3 d5 3.Nd2 Nf6 4.Ngf3 dxe4 5.dxe4 Nbd7 6.g3 b6 7.Bb5 Bb7 8.Ne5 a6
9.Bc6 Qc8 10.Qf3 Bxc6 11.Nxc6 Qb7 12.Nd4 Ne5 13.Qe2 Rd8 14.N4f3 Nxf3+ 15.Qxf3
Bc5 16.O-O O-O 17.Re1 b5 18.Nb3 Bb4 19.c3 Be7 20.Bg5 h6 21.Bxf6 Bxf6 22.Kg2
Be7 23.Rad1 Rxd1 24.Rxd1 Rd8 25.Rxd8+ Bxd8 26.Qd3 Be7 27.Nd2 Qc6 28.Nf3 Qd6
29.Qe2 c5 30.c4 b4 31.h4 a5 32.b3 Qd7 33.Qd2 Qxd2 34.Nxd2 Kf8 35.h5 Ke8 36.f4
Bd6 37.Kf3 f6 38.Nf1 Kf7 39.Ne3 g6 40.g4 g5 41.Ng2 Bc7 42.fxg5 fxg5 43.Ne1 Be5
44.Nd3 Bd4 45.e5 Ke7 46.Ke4 Kd7 47.Ne1 Ke7 48.Nc2 Bc3 49.a3 Kf7 50.axb4 axb4
51.Ne3 Bd4 52.Ng2 Bc3 53.Ne3 Bd4 54.Nf1 Bc3 55.Ng3 Bd4 56.Ne2 Bb2 57.Ng1 Bd4
58.Nf3 Bc3 59.Ng1 Bd4 60.Ne2 Bb2 61.Ng3 Bd4 62.Nf1 Bc3 63.Ne3 Bd4 1/2-1/2

[Event "Campeonato de Aragón por Equipos 2008 "]
[Site "Aragón"]
[Date "2008.02.02"]
[Round "1.30"]
[White "Munoz Munoz Juan Carlos"]
[Black "Martinez Asensio Juan"]
[Result "1-0"]
[WhiteElo "2137"]
[BlackElo "2171"]

1.d4 Nf6 2.Nf3 c5 3.g3 cxd4 4.Nxd4 Nc6 5.Bg2 g6 6.O-O Bg7 7.c4 O-O 8.Nc3 Nxd4
9.Qxd4 d6 10.Qh4 a6 11.Bh6 Rb8 12.Bxg7 Kxg7 13.Rfd1 Be6 14.c5 h6 15.cxd6 exd6
16.Qd4 Qa5 17.Ne4 Qe5 18.Nxd6 Qxd4 19.Rxd4 Rfd8 20.Rad1 Rd7 21.b3 Rc7 22.h3
Nd7 23.Bd5 Bxd5 24.Rxd5 Nf6 25.R5d4 b5 26.Kg2 Rb6 27.e4 Rc2 28.R1d2 Rbc6 29.e5
Nd7 30.f4 Nb6 31.Ne8+ Kf8 32.Nf6 Ke7 33.Kf3 Rxd2 34.Rxd2 h5 35.g4 hxg4+ 36.
hxg4 a5 37.Ke4 a4 38.Rh2 axb3 39.axb3 Rc8 40.Ra2 Rc3 41.Ra6 1-0

[Event "Campeonato de Aragón por Equipos 2008 "]
[Site "Aragón"]
[Date "2008.02.02"]
[Round "1.31"]
[White "Dominguez Bujeda Jesus"]
[Black "Sanchez Moreno Jose Carlos"]
[Result "1-0"]
[WhiteElo "2095"]
[BlackElo "2019"]

1.d4 Nf6 2.c4 c5 3.Nf3 e6 4.Nc3 cxd4 5.Nxd4 Nc6 6.e3 a6 7.Be2 Qc7 8.b3 h5 9.
O-O Bd6 10.g3 Nxd4 11.exd4 h4 12.f4 hxg3 13.hxg3 b5 14.Bf3 Rb8 15.Qe2 bxc4 16.
bxc4 Qa5 17.Bd2 Qf5 18.Rfb1 Rh3 19.Qg2 Bb4 20.Rxb4 Rxb4 21.Nb5 Rxb5 22.cxb5
axb5 23.Rc1 Ba6 24.Bb4 Qd3 25.Rd1 Qe3+ 26.Kf1 Ng4 27.Bxg4 Rxg3 28.Qa8+ 1-0